| 000 | 01020nam a22002897a 4500 | ||
|---|---|---|---|
| 001 | BR8100880 | ||
| 003 | BR-BrBNA | ||
| 005 | 20230928090923.0 | ||
| 007 | ta | ||
| 008 | 230509b bl.||||| |||| 00| 0 por d | ||
| 040 |
_aBR-BrBNA _bpor _cBiblioteca Nacional de Agricultura |
||
| 041 | _a(Por) | ||
| 072 |
_aE30; E15 _b/G514 |
||
| 090 | _ E30 BR8100880 | ||
| 100 | 1 | _aLevy, H. | |
| 110 | 1 |
_aCamara dos Deputados, Brasilia, DF (Brasil). Centro de Documentacao e Informacao _91315 |
|
| 245 | 1 | _aAs contradicoes da politica governamental-salarial-encarecimento do credito agricola. Desestimulo a producao rural [Brasil] | |
| 246 | 1 | _aContradiction of government-salary-policy-price raising for rural credit: discourage to rural production [Brazil]] | |
| 260 | 3 |
_aBrasilia, DF (Brasil): _c1980. |
|
| 300 | _a16 p. | ||
| 650 | _aPolitica de desenvolvimento | ||
| 650 | _aMicroeconomia | ||
| 650 | _aPolitica governamental | ||
| 650 | _aCredito agricola | ||
| 909 |
_a202309 _bLucia _c55 _dLucia Elande |
||
| 942 | _cBK | ||
| 999 |
_c31277 _d31277 |
||